000 00588nam a2200181Ia 4500
003 GCL
008 140319s9999 xx 000 0 ara d
040 _aGCL /
_cGCL
082 0 4 _a581.159
_bع ا
100 1 _aعبدالسلام محمد عمر
245 1 0 _aالانتاج والعلاج بين الوراثة والهندسة الوراثية /
_cعبدالسلام محمد عمر
700 1 _aمحمد خليل يوسف
490 _aكتاب
_v0
650 0 4 _aالنبات
650 0 4 _aالوراثة ، علم
650 0 4 _aالهندسة الوراثية
942 _2ddc
_cBK
999 _c42038
_d42038